Digital communication over fading channels (E-Book) (Record no. 191713)

000 -LEADER
fixed length control field 01363 a2200277 4500
003 - CONTROL NUMBER IDENTIFIER
control field Nust
005 - DATE AND TIME OF LATEST TRANSACTION
control field 20170207154022.0
010 ## - LIBRARY OF CONGRESS CONTROL NUMBER
LC control number 2004042040
020 ## - INTERNATIONAL STANDARD BOOK NUMBER
International Standard Book Number 0471649538 (cloth : acid-free paper)
040 ## - CATALOGING SOURCE
Transcribing agency Nust
082 00 - DEWEY DECIMAL CLASSIFICATION NUMBER
Classification number 621.382
100 1# - MAIN ENTRY--PERSONAL NAME
Personal name Simon, Marvin Kenneth,
245 10 - TITLE STATEMENT
Title Digital communication over fading channels (E-Book)
Statement of responsibility, etc. Marvin K. Simon and Mohamed-Slim Alouini.
250 ## - EDITION STATEMENT
Edition statement 2nd ed.
260 ## - PUBLICATION, DISTRIBUTION, ETC.
Place of publication, distribution, etc. Hoboken, N.J. :
Name of publisher, distributor, etc. Wiley-Interscience,
Date of publication, distribution, etc. c2005.
300 ## - PHYSICAL DESCRIPTION
Extent xxxiv, 900 p. :
Other physical details ill. ;
Dimensions 25 cm.
440 #0 - SERIES STATEMENT/ADDED ENTRY--TITLE
Title Wiley series in telecommunications and signal processing
505 ## - FORMATTED CONTENTS NOTE
Formatted contents note PART 1:- FUNDAMENTALS (Page-3) PART 2:- MATHEMATICAL TOOLS (Page-83) Part 3:- OPTIMUM RECEPTION AND PERFORMANCE EVALUATION (Page-189) Part 4:- MULTIUSER COMMUNICATION SYSTEMS (Page-639) PART 5:- CODED COMMUNICATION SYSTEMS (Page-759)
650 #0 - SUBJECT ADDED ENTRY--TOPICAL TERM
Topical term or geographic name entry element Digital communications
General subdivision Reliability
-- Mathematics.
650 #0 - SUBJECT ADDED ENTRY--TOPICAL TERM
Topical term or geographic name entry element Radio
General subdivision Transmitters and transmission
-- Fading.
651 ## - SUBJECT ADDED ENTRY--GEOGRAPHIC NAME
Geographic name (E-Book)
700 1# - ADDED ENTRY--PERSONAL NAME
Personal name Alouini, Mohamed-Slim.
856 42 - ELECTRONIC LOCATION AND ACCESS
Materials specified Contributor biographical information
Uniform Resource Identifier <a href="http://www.loc.gov/catdir/enhancements/fy0617/2004042040-b.html">http://www.loc.gov/catdir/enhancements/fy0617/2004042040-b.html</a>
856 42 - ELECTRONIC LOCATION AND ACCESS
Materials specified Publisher description
Uniform Resource Identifier <a href="http://www.loc.gov/catdir/description/wiley042/2004042040.html">http://www.loc.gov/catdir/description/wiley042/2004042040.html</a>
856 42 - ELECTRONIC LOCATION AND ACCESS
Materials specified Table of contents only
Uniform Resource Identifier <a href="http://www.loc.gov/catdir/toc/wiley041/2004042040.html">http://www.loc.gov/catdir/toc/wiley041/2004042040.html</a>
942 ## - ADDED ENTRY ELEMENTS (KOHA)
Source of classification or shelving scheme
Koha item type Book
Holdings
Withdrawn status Lost status Source of classification or shelving scheme Damaged status Not for loan Collection code Permanent Location Current Location Date acquired Total Checkouts Full call number Barcode Date last seen Price effective from Koha item type
            Military College of Signals (MCS) Military College of Signals (MCS) 12/12/2016   621.382 MCSEB-1102 12/08/2016 12/12/2016 Book
© 2023 Central Library, National University of Sciences and Technology. All Rights Reserved.